Cortesanas célebres (Record no. 47929)

MARC details
000 -LEADER
campo de control de longitud fija 00930nam a2200265 i 4500
001 - NÚMERO DE CONTROL
campo de control 47929
003 - IDENTIFICADOR DE NÚMERO DE CONTROL
campo de control ES-MaACL
005 - FECHA Y HORA DE LA ÚLTIMA TRANSACCIÓN
campo de control 20251120165540.0
007 - CAMPO FIJO DE DESCRIPCIÓN FÍSICA--INFORMACIÓN GENERAL
campo de control de longitud fija t|
008 - DATOS DE LONGITUD FIJA--INFORMACIÓN GENERAL
campo de control de longitud fija 981117s1893 sp ||||1| spa d
040 ## - FUENTE DE CATALOGACIÓN
Centro catalogador/agencia de origen CAM
Lengua de catalogación spa
Centro/agencia transcriptor CCPB
100 1# - ENTRADA PRINCIPAL--NOMBRE DE PERSONA
Nombre de persona Cubas, Manuel.
9 (RLIN) 41921
245 10 - MENCIÓN DEL TÍTULO
Título Cortesanas célebres
Resto del título : historias anecdóticas : Lola Montes, Ninón de Lenclós, Lady Hamilton /
Mención de responsabilidad, etc. por Manuel Cubas.
260 ## - PUBLICACIÓN, DISTRIBUCIÓN, ETC.
Lugar de publicación, distribución, etc. Madrid :
Nombre del editor, distribuidor, etc. [s.n.],
Fecha de publicación, distribución, etc. 1893 (
Fabricante Olmos)
300 ## - DESCRIPCIÓN FÍSICA
Extensión 314 p. :
Otras características físicas il. ;
Dimensiones 18 cm.
490 1# - MENCIÓN DE SERIE
Mención de serie Colección española contemporánea
600 17 - PUNTO DE ACCESO ADICIONAL DE MATERIA--NOMBRE DE PERSONA
Nombre de persona Montes, Lola,
Fechas asociadas al nombre 1818-1861
Fuente del encabezamiento o término
9 (RLIN) 150741
600 17 - PUNTO DE ACCESO ADICIONAL DE MATERIA--NOMBRE DE PERSONA
Nombre de persona Lenclos, Ninon de,
Fechas asociadas al nombre 1620-1705
Fuente del encabezamiento o término
9 (RLIN) 150742
600 14 - PUNTO DE ACCESO ADICIONAL DE MATERIA--NOMBRE DE PERSONA
Nombre de persona Hamilton, Emma
Títulos y otros términos asociados al nombre Lady.
9 (RLIN) 150743
650 #4 - PUNTO DE ACCESO ADICIONAL DE MATERIA--TÉRMINO DE MATERIA
Término de materia o nombre geográfico como elemento de entrada Cortesanas.
9 (RLIN) 150740
830 0# - PUNTO DE ACCESO ADICIONAL DE SERIE-TÍTULO UNIFORME
Título uniforme Colección española contemporánea
9 (RLIN) 230056
852 ## - LOCALIZACIÓN
Ubicación ES-MaACL
Número de control de estantería C-2679
852 ## - LOCALIZACIÓN
Ubicación ES-MaACL
Número de control de estantería D-702
Nota libre .- Legado M. de la Fuente
Holdings
Estatus retirado Estado de pérdida Estado de daño No para préstamo Colección Biblioteca de origen Biblioteca actual Ubicación en estantería Fecha de adquisición Fuente de adquisición Total de préstamos Signatura topográfica completa Código de barras Visto por última vez Precio de reemplazo Tipo de ítem Koha
        Libros del s. XIX Biblioteca del Ateneo de Madrid Biblioteca del Ateneo de Madrid Sala Valle Inclán 25/06/2012     D-702 901189864 23/02/2023 23/02/2023 Libro impreso antiguo
        Libros del s. XIX Biblioteca del Ateneo de Madrid Biblioteca del Ateneo de Madrid Sala Palomar 17/01/2008     C-2679 1050440 23/02/2023 23/02/2023 Libro impreso antiguo